000 00719nam a22001337a 4500
040 _cRUA
082 _aRUB YON 2018 B662 Or.1
100 _aYONG NAYHENG យុង ណៃហេង
245 _aeffects of fertilizer on growth and yield of clone GT 1 on BO-IT tapping panel at cambodian rubber reserch institute ឥទ្ធិពលនៃជីនៅលើការលូតលាស់​និងទិន្នផលកៅស៊ូក្លូន​GT1 លើផ្ទាំងមុនចៀរ BO-II វិទ្យាស្ថានស្រាវជ្រាវកៅស៊ូកម្ពុជា
260 _aRUA
_bPhnom penh
_c2018
300 _axii;66p
_bill;
_c29cm
856 _uYONG NAYHENG
942 _cRUB
999 _c19165
_d19165